000 00327 a2200145 4500
001 151360
040 _cEscola São Tomás de Aquino
100 _aCUNHA, Leo
240 1 0 _aUm aventura no sonho
_lpor
245 1 0 _aUm aventura no sonho
362 0 _a2013
440 1 _aEdelbra
697 _a*LITERATURA INFANTO
942 _cBK
999 _c151360
_d151360